[Event "Perm op 09"]
[Site "Perm"]
[Date "2007.09.17"]
[Round "6"]
[White "Shipizyn, Artiom"]
[Black "Mentchikov, Mikhail"]
[Result "0-1"]
[WhiteElo "2317"]
[BlackElo "2067"]
[PlyCount "46"]
[EventDate "2007.09.12"]
[EventType "swiss"]
[EventRounds "8"]
[EventCountry "RUS"]
[SourceTitle "EXT 2022"]
[Source "ChessBase"]
[SourceDate "2021.10.06"]
[SourceVersion "1"]
[SourceVersionDate "2021.10.06"]
[SourceQuality "1"]

1. d4 d5 2. Bf4 Bf5 3. e3 e6 4. Nf3 Nf6 5. Bb5+ c6 6. Be2 Be7 7. 0-0 0-0 8. c4 c5 9. Nc3 Nc6 10. cxd5 exd5 11. dxc5 Bxc5 12. Nd4 Nxd4 13. exd4 Bb6 14. Bf3 Be4 15. Nxe4 dxe4 16. Be2 Qxd4 17. Qxd4 Bxd4 18. Be3 Bxe3 19. fxe3 Rac8 20. Rac1 Rfd8 21. Rfd1 Rxd1+ 22. Rxd1 Kf8 23. Rd4 Ke7 0-1